Once - Liam Gallagher - All Lyrics - Statistics

General Stats
  • This quiz has been taken 41 times
  • The average score is 189 of 243
Answer Stats
Answer % Correct
I
100%
It
100%
it
100%
was
100%
a
97%
to
97%
we
97%
when
97%
When
97%
back
93%
easy
93%
have
93%
were
93%
you
93%
You
93%
fun
90%
oh,
90%
once
90%
the
90%
But
86%
but
86%
damaged
86%
do
86%
remember
86%
easier
83%
had
83%
l
83%
nothing
83%
Nothing
83%
only
83%
get
79%
how
79%
manage
79%
shine
79%
so
79%
used
79%
like
76%
much
76%
my
76%
of
76%
then
76%
and
72%
And
72%
friend
72%
glass
72%
up,
72%
up
72%
wine,
72%
came
69%
clean
69%
went
69%
again
66%
down
66%
kids
66%
pool
66%
school
66%
felt
62%
in
62%
Just
62%
just
62%
say
62%
dawn
59%
it's
59%
out
59%
they
59%
inspired
55%
is
55%
send
55%
daydream
52%
true
52%
turns
52%
what
52%
dream
48%
give
48%
tomorrow
48%
freedom
45%
pain
45%
Sometimes
45%
sorrow
45%
that
45%
think
45%
uncool
45%
borrowed
41%
feels
41%
minus
41%
thing
41%
break
38%
feeling
38%
from
38%
keep
38%
same
38%
she
38%
wanted
38%
comes
34%
waving
24%
wrong,
24%
knife
14%
Her
7%
edges
3%
No matching quizzes found
Score Distribution
Percent of People with Each Score
Percentile by Number Answered
Your Score History
You have not taken this quiz